000 00286nam a22001337a 4500
008 181218b xxu||||| |||| 00| 0 eng d
020 _a2900415584929
041 _aeng
080 _a081
100 _a25
101 _ateo
245 _aIslam The Basics
_cTurner.c
942 _2udc
_cBK
999 _c53436
_d53436